Statistics for Guinea Pigs... or Pigs from Guinea?

Click here to take the quiz!

General Stats

  • This quiz has been taken 22 times
    (18 since last reset)
  • The average score is 9 of 15

Answer Stats

QuestionAnswer% Correct
The most common GERMAN SHEPHERDS are...A breed of dog popular in many places
94%
The most common HAMBURGERS are...Mostly unhealthy and stereotypically American sandwiches
88%
The most common SWISS MISS is...A nice, steaming, cup of hot chocolate popular in the USA
82%
The most common GUINEA PIGS are...Pets in the USA
82%
The most common TROJAN HORSE is...Malware
71%
The most common IRISH CREAM is...Produced by Baileys, among others
71%
The most common MANILA ENVELOPES are...Professional, yellowish, envelopes used in many places
71%
The most common BERLINERS are...German citizens
65%
The most common FUJI APPLES are...Sold in stores throughout China
59%
The most common FRENCH TOAST is...Crispy bread eaten by French people
53%
The most common CHICAGO TYPEWRITERS are...Machine guns also known as Tommy Guns
53%
The most common WHITE RUSSIAN is...Probably of Slavic descent
47%
The most common NEW ENGLAND PATRIOTS are...People who live in Northeast America and love America
29%
The most common CANADIAN BACON is...Made from Canadian pigs
18%
The most common FRENCH HORNS are...Sound-making devices of many types in France
18%

Score Distribution

Percentile by Number Answered

Percent of People with Each Score

Your Score History

You have not taken this quiz since the last reset